000 00844cam a2200265 a 4500
008
020 _a0815152434 (hbk.)
049 _aMAIN
090 _aRB40
_bKAP
245 0 0 _aClinical chemistry :
_btheory, analysis, and correlation /
_c[edited by] Lawrence A. Kaplan, Amadeo J. Pesce ; methods editor, Steven C. Kazmierczak.
250 _a3rd ed.
260 _aSt. Louis :
_bMosby,
_cc1996.
300 _axvii, 1211 p. :
_bill. ;
_c28 cm.
504 _aIncludes bibliographical references.
500 _aIncludes index.
650 0 _aClinical chemistry.
650 1 2 _aChemistry, Clinical.
700 1 _aKaplan, Lawrence A.
700 1 _aPesce, Amadeo J.
907 _a.b10025662
_b16-10-14
_c17-04-03
003
005 20230120203832.0
040 _cNUST
942 _cBOOKS
_kRB40
_mKAP
999 _c112318
_d112318